रामविलास पासवान : संकल्प, साहस और संघर्ष (Record no. 31502)

MARC details
000 -LEADER
fixed length control field 00422nam a22001337a 4500
003 - CONTROL NUMBER IDENTIFIER
control field SGT
020 ## - INTERNATIONAL STANDARD BOOK NUMBER
International Standard Book Number 9780670092581
082 ## - DEWEY DECIMAL CLASSIFICATION NUMBER
Classification number 080
Item number R20S
100 ## - MAIN ENTRY--PERSONAL NAME
Personal name श्रीवास्तव, प्रदीप
245 ## - TITLE STATEMENT
Title रामविलास पासवान : संकल्प, साहस और संघर्ष
260 ## - PUBLICATION, DISTRIBUTION, ETC. (IMPRINT)
Name of publisher, distributor, etc पेंगुइन बुक्स
Year of Publication 2020
300 ## - PAGE DESCRIPTION
No. of Pages 290
942 ## - ADDED ENTRY ELEMENTS (KOHA)
Source of classification or shelving scheme Dewey Decimal Classification
Koha item type Books
Holdings
Withdrawn status Lost status Source of classification or shelving scheme Damaged status Not for loan Home library Current library Shelving location Date acquired SGTU Total Checkouts Full call number Accession No. (Barcode) Date last seen Bill Date Koha item type
    Dewey Decimal Classification   Not For Loan SGT Chancellor's Library SGT Chancellor's Library Reference Book 19/06/2025 SGTU   080 R20S CH3510 19/06/2025 19/06/2025 Books